000 00469nam a2200169Ia 4500
003 GCL
008 140319s9999 xx 000 0 ara d
040 _aGCL /
_cGCL
082 0 4 _aد
_b050
_bد هـ
100 1 _aدار الهلال
245 1 0 _aالهلال يناير - ابريل 1966 /
_cدار الهلال
300 _aمتعدد
490 _aموسوعة عالم الطبخ
_v0
650 0 4 _aالدوريات
650 0 4 _aطه حسين
942 _2ddc
_cCF
999 _c27421
_d27421